| 000 | 00718nam a2200241 i 4500 | ||
|---|---|---|---|
| 001 | 16335 | ||
| 003 | ES-MaACL | ||
| 005 | 20230906151310.0 | ||
| 007 | t| | ||
| 008 | 000830s1998 mx ||||1| spa d | ||
| 020 | _a968-16-0146-7 | ||
| 080 | _a616.845.8 | ||
| 100 | 1 |
_aLaing, Ronald David. _969695 |
|
| 245 | 1 | 3 |
_aEl yo y los otros / _cR. D. Laing. |
| 250 | _a1ª ed. en español, 4ª reimp. | ||
| 260 |
_aMéxico : _bFondo de Cultura Económica, _c1998. |
||
| 300 |
_a188 p. ; _c21 cm. |
||
| 490 | 1 | _aBiblioteca de psicología y psicoánalisis | |
| 650 | 1 | 4 |
_aEsquizofrenia. _912510 |
| 830 | 1 |
_aBiblioteca de psicología y psicoánalisis _9179941 |
|
| 852 |
_aES-MaACL _jL-23579 |
||
| 999 |
_c16335 _d16335 |
||